Which one is bigger? - Statistics

General Stats
  • This quiz has been taken 3,989 times
  • The average score is 7 of 15
Answer Stats
Question Answer % Correct
The Pacific Ocean or the whole lands on Earth? The Pacific Ocean
70%
Germany or California? California
67%
Australia or the Caribbean Sea? Australia
66%
Antarctica or Russia? Russia
65%
Luxembourg (country) or Rhode Island (state)? Rhode Island
54%
The Amazon rainforest or the Sahara Desert? The Sahara Desert
51%
The Great Lakes of North America or The Great Barrier Reef? The Great Barrier Reef
50%
Monaco or Central Park? Central Park
49%
Greenland or Democratic Republic of the Congo? Democratic Republic of the Congo
44%
The Baltic Sea or the Black Sea? The Black Sea
42%
Europe or The United States of America? Europe
39%
Pluto or Canada? Pluto
39%
The Atlantic Ocean or the Moon? The Atlantic Ocean
38%
Death Valley or Jamaica Jamaica
34%
The Indian Ocean or Asia? The Indian Ocean
20%
No matching quizzes found
Score Distribution
Percent of People with Each Score
Percentile by Number Answered
Your Score History
You have not taken this quiz